Fundamentals of database systems / (Record no. 2385)
[ view plain ]
| 000 -LEADER | |
|---|---|
| fixed length control field | 00931cam a22003015a 4500 |
| 005 - DATE AND TIME OF LATEST TRANSACTION | |
| control field | 20171213105947.0 |
| 008 - FIXED-LENGTH DATA ELEMENTS--GENERAL INFORMATION | |
| fixed length control field | 081030s2007 mauad frb 001 0ceng d |
| 010 ## - LIBRARY OF CONGRESS CONTROL NUMBER | |
| LC control number | 2006002008 |
| 020 ## - INTERNATIONAL STANDARD BOOK NUMBER | |
| International Standard Book Number | 032141506X |
| 020 ## - INTERNATIONAL STANDARD BOOK NUMBER | |
| International Standard Book Number | 9780321415066 |
| 022 ## - INTERNATIONAL STANDARD SERIAL NUMBER | |
| International Standard Serial Number | 032141506x |
| 035 ## - SYSTEM CONTROL NUMBER | |
| System control number | (OCoLC)ocm62796197 |
| 040 ## - CATALOGING SOURCE | |
| Original cataloging agency | EG-ScBUE |
| Language of cataloging | eng |
| Transcribing agency | EG-ScBUE |
| 082 04 - DEWEY DECIMAL CLASSIFICATION NUMBER | |
| Classification number | 005.74 |
| Item number | ELM |
| Edition number | 22 |
| 100 1# - MAIN ENTRY--PERSONAL NAME | |
| Personal name | Elmasri, Ramez. |
| 9 (RLIN) | 4302 |
| 245 10 - TITLE STATEMENT | |
| Title | Fundamentals of database systems / |
| Statement of responsibility, etc | Ramez Elmasri, Shamkant B. Navathe. |
| 246 30 - VARYING FORM OF TITLE | |
| Title proper/short title | Database systems |
| 250 ## - EDITION STATEMENT | |
| Edition statement | 5th ed., International ed. |
| 260 ## - PUBLICATION, DISTRIBUTION, ETC. (IMPRINT) | |
| Place of publication, distribution, etc | Boston : |
| Name of publisher, distributor, etc | Pearson / Addison Wesley, |
| Date of publication, distribution, etc | c.2007. |
| 300 ## - PHYSICAL DESCRIPTION | |
| Extent | xxviii, 1123 p. : |
| Other physical details | ill (col.) ; |
| Dimensions | 24 cm. |
| 500 ## - GENERAL NOTE | |
| General note | index 1081-1123. |
| 504 ## - BIBLIOGRAPHY, ETC. NOTE | |
| Bibliography, etc | Bibliography 1051-1079. |
| 650 #7 - SUBJECT ADDED ENTRY--TOPICAL TERM | |
| Topical term or geographic name as entry element | Database management. |
| Source of heading or term | BUEsh |
| 9 (RLIN) | 4303 |
| 651 ## - SUBJECT ADDED ENTRY--GEOGRAPHIC NAME | |
| Source of heading or term | BUEsh |
| 653 ## - INDEX TERM--UNCONTROLLED | |
| Resource For college | Informatics and Computer Science |
| Arrived date list | August2015 |
| 700 1# - ADDED ENTRY--PERSONAL NAME | |
| Personal name | Navathe, shamkant B. |
| 9 (RLIN) | 4304 |
| 942 ## - ADDED ENTRY ELEMENTS (KOHA) | |
| Source of classification or shelving scheme | Dewey Decimal Classification |
| Withdrawn status | Item status | Source of classification or shelving scheme | Damaged status | Not for loan | Vendor | Home library | Current library | Shelving location | Date acquired | Source of acquisition | Cost, normal purchase price | Total Checkouts | Total Renewals | Full call number | Barcode | Date last seen | Date last borrowed | Cost, replacement price | Koha item type |
|---|---|---|---|---|---|---|---|---|---|---|---|---|---|---|---|---|---|---|---|
| Dewey Decimal Classification | Baccah | Central Library | Central Library | Lower Floor | 19/02/2007 | 190.00 | 7 | 21 | 005.74 ELM | 000001899 | 15/07/2025 | 13/10/2015 | 237.50 | Book - Borrowing | |||||
| Dewey Decimal Classification | Baccah | Central Library | Central Library | Lower Floor | 19/02/2007 | 190.00 | 15 | 38 | 005.74 ELM | 000001898 | 15/07/2025 | 01/10/2015 | 237.50 | Book - Borrowing | |||||
| Central Library | Central Library | Lower Floor | 19/02/2007 | Purchase | 190.00 | 5 | 005.74 ELM | 000001897 | 15/07/2025 | 22/10/2013 | 237.50 | NB - Book (Non borrowing) | |||||||
| Dewey Decimal Classification | Baccah | Central Library | Central Library | Lower Floor | 19/02/2007 | 190.00 | 7 | 18 | 005.74 ELM | 000006376 | 15/07/2025 | 01/10/2015 | 237.50 | Book - Borrowing | |||||
| Dewey Decimal Classification | Baccah | Central Library | Central Library | Lower Floor | 19/02/2007 | 190.00 | 13 | 21 | 005.74 ELM | 000006375 | 15/07/2025 | 01/10/2015 | 237.50 | Book - Borrowing | |||||
| Dewey Decimal Classification | Baccah | Central Library | Central Library | Lower Floor | 19/10/2008 | 190.00 | 9 | 10 | 005.74 ELM | 000014057 | 15/07/2025 | 25/12/2016 | 237.50 | Book - Borrowing | |||||
| Dewey Decimal Classification | Baccah | Central Library | Central Library | Lower Floor | 18/12/2008 | 190.00 | 12 | 56 | 005.74 ELM | 000014302 | 15/07/2025 | 25/10/2018 | 237.50 | Book - Borrowing | |||||
| Dewey Decimal Classification | Baccah | Central Library | Central Library | Lower Floor | 27/10/2010 | 190.00 | 10 | 58 | 005.74 ELM | 000019075 | 15/07/2025 | 03/10/2024 | 237.50 | Book - Borrowing | |||||
| Dewey Decimal Classification | Baccah | Central Library | Central Library | Lower Floor | 27/10/2010 | 190.00 | 5 | 51 | 005.74 ELM | 000019077 | 15/07/2025 | 16/10/2024 | 237.50 | Book - Borrowing | |||||
| Dewey Decimal Classification | Baccah | Central Library | Central Library | Lower Floor | 27/10/2010 | 190.00 | 3 | 005.74 ELM | 000019073 | 15/07/2025 | 22/10/2013 | 237.50 | NB - Book (Non borrowing) | ||||||
| Dewey Decimal Classification | Baccah | Central Library | Central Library | Lower Floor | 27/10/2010 | 190.00 | 4 | 18 | 005.74 ELM | 000019076 | 15/07/2025 | 19/10/2017 | 237.50 | Book - Borrowing |